Nghệ thuật với sự phát triển nhân cách người cán bộ lãnh đạo trong công cuộc đổi mới
Nội dung sách giới thiệu một số vấn đề lý luận về quan hệ giữa nghệ thuật và nhân cách. Sự phát triển nhân cách người cán bộ lãnh đạo theo yêu cầu công cuộc đổi mới thông qua tác động của nghệ thuật. Nâng cao chất lượng cảm thụ...
Shranjeno v:
| Glavni avtor: | |
|---|---|
| Format: | Knjiga |
| Jezik: | Undetermined |
| Izdano: |
Thành phố Hồ Chí Minh
Phương Đông
2005
|
| Teme: | |
| Oznake: |
Označite
Brez oznak, prvi označite!
|
| Thư viện lưu trữ: | Trung tâm Học liệu Trường Đại học Cần Thơ |
|---|
| LEADER | 01267nam a2200205Ia 4500 | ||
|---|---|---|---|
| 001 | CTU_228404 | ||
| 008 | 210402s9999 xx 000 0 und d | ||
| 020 | |c 25000 | ||
| 082 | |a 352.66 | ||
| 082 | |b H527 | ||
| 100 | |a Nguyễn, Văn Huyên | ||
| 245 | 0 | |a Nghệ thuật với sự phát triển nhân cách người cán bộ lãnh đạo trong công cuộc đổi mới | |
| 245 | 0 | |c Nguyễn Văn Huyên, Nguyễn Quốc Tuấn | |
| 260 | |a Thành phố Hồ Chí Minh | ||
| 260 | |b Phương Đông | ||
| 260 | |c 2005 | ||
| 520 | |a Nội dung sách giới thiệu một số vấn đề lý luận về quan hệ giữa nghệ thuật và nhân cách. Sự phát triển nhân cách người cán bộ lãnh đạo theo yêu cầu công cuộc đổi mới thông qua tác động của nghệ thuật. Nâng cao chất lượng cảm thụ nghệ thuật nhằm phát triển nhân cách người cán bộ lãnh đạo theo yêu cầu của công cuộc đổi mới. | ||
| 650 | |a Quản trị nhân sự,Personnel management | ||
| 910 | |b dqhieu | ||
| 980 | |a Trung tâm Học liệu Trường Đại học Cần Thơ | ||